<?xml version="1.0" encoding="UTF-8"?>
<record
    xmlns:xsi="http://www.w3.org/2001/XMLSchema-instance"
    xsi:schemaLocation="http://www.loc.gov/MARC21/slim http://www.loc.gov/standards/marcxml/schema/MARC21slim.xsd"
    xmlns="http://www.loc.gov/MARC21/slim">

  <leader>03246cam a22004098i 4500</leader>
  <controlfield tag="001">21747055</controlfield>
  <controlfield tag="003">NUST</controlfield>
  <controlfield tag="005">20220827164350.0</controlfield>
  <controlfield tag="006">m    |o  d |      </controlfield>
  <controlfield tag="007">cr |||||||||||</controlfield>
  <controlfield tag="008">200923s2021    mau     o     001 0 eng  </controlfield>
  <datafield tag="010" ind1=" " ind2=" ">
    <subfield code="a">  2020036314</subfield>
  </datafield>
  <datafield tag="020" ind1=" " ind2=" ">
    <subfield code="a">9781633698772</subfield>
    <subfield code="q">(ebook)</subfield>
  </datafield>
  <datafield tag="020" ind1=" " ind2=" ">
    <subfield code="z">9781633698765</subfield>
    <subfield code="q">(hardcover)</subfield>
  </datafield>
  <datafield tag="038" ind1=" " ind2=" ">
    <subfield code="a">Azhar</subfield>
  </datafield>
  <datafield tag="040" ind1=" " ind2=" ">
    <subfield code="a">DLC</subfield>
    <subfield code="b">eng</subfield>
    <subfield code="c">DLC</subfield>
    <subfield code="e">rda</subfield>
  </datafield>
  <datafield tag="042" ind1=" " ind2=" ">
    <subfield code="a">pcc</subfield>
  </datafield>
  <datafield tag="050" ind1="0" ind2="0">
    <subfield code="a">HF5438.4</subfield>
  </datafield>
  <datafield tag="082" ind1="0" ind2="0">
    <subfield code="a">658.81</subfield>
    <subfield code="b">CES</subfield>
  </datafield>
  <datafield tag="100" ind1="1" ind2=" ">
    <subfield code="a">Cespedes, Frank V.,</subfield>
    <subfield code="d">1950-</subfield>
    <subfield code="e">author.</subfield>
    <subfield code="9">97220</subfield>
  </datafield>
  <datafield tag="245" ind1="1" ind2="0">
    <subfield code="a">Sales management that works :</subfield>
    <subfield code="b">how to sell in a world that never stops changing </subfield>
    <subfield code="c">Frank Cespedes.</subfield>
  </datafield>
  <datafield tag="260" ind1=" " ind2=" ">
    <subfield code="a">Boston, MA :</subfield>
    <subfield code="b">Harvard Business Review Press,</subfield>
    <subfield code="c">2021</subfield>
  </datafield>
  <datafield tag="300" ind1=" " ind2=" ">
    <subfield code="a">1 online resource</subfield>
  </datafield>
  <datafield tag="336" ind1=" " ind2=" ">
    <subfield code="a">text</subfield>
    <subfield code="b">txt</subfield>
    <subfield code="2">rdacontent</subfield>
  </datafield>
  <datafield tag="337" ind1=" " ind2=" ">
    <subfield code="a">computer</subfield>
    <subfield code="b">c</subfield>
    <subfield code="2">rdamedia</subfield>
  </datafield>
  <datafield tag="338" ind1=" " ind2=" ">
    <subfield code="a">online resource</subfield>
    <subfield code="b">cr</subfield>
    <subfield code="2">rdacarrier</subfield>
  </datafield>
  <datafield tag="500" ind1=" " ind2=" ">
    <subfield code="a">Includes index.</subfield>
  </datafield>
  <datafield tag="505" ind1="0" ind2=" ">
    <subfield code="a">Introduction: New sales realities -- Part I. People: Hiring -- Training and development -- Performance management and coaching -- Part II. Process: Constructing and clarifying sales models -- Managing, maintaining, and reconstructing sales models -- Compensation and incentives -- Part III. Pricing and partners: Pricing and customer value -- Testing and linking price with your sales model and selling behaviors -- Building and managing a multi-channel approach -- Conclusion: What senior executives should know about sales.</subfield>
  </datafield>
  <datafield tag="520" ind1=" " ind2=" ">
    <subfield code="a">"In this practical and research-based guide for sales managers, Harvard Business School professor Frank Cespedes offers essential strategies for thriving in an industry that never stops changing. The rise of e-commerce. Big data. AI. Given these trends (and many others), there's no doubt that sales is changing. But much of the current conventional wisdom is misleading and not supported by empirical data. If you as a manager fail to separate fact from hype, you will make decisions based on faulty assumptions and, in a competitive market, eventually fall behind those with a keener grasp of the current selling environment. In this book, sales expert and professor Frank Cespedes provides sales managers and executives with the tools they need to separate the signal from the noise. These include how to: hire the right talent-not just stars, pay and properly incentivize your sales force, improve ROI from your training programs, create a comprehensive sales model that aligns with your strategy, set the right prices, build and manage a multichannel approach. Chock-full of examples, research, guidelines, and diagnostics, Sales Management That Works is the book you need to build a great sales team, create an optimal strategy, and steer clear of hype and fads"--</subfield>
    <subfield code="c">Provided by publisher.</subfield>
  </datafield>
  <datafield tag="588" ind1=" " ind2=" ">
    <subfield code="a">Description based on print version record and CIP data provided by publisher; resource not viewed.</subfield>
  </datafield>
  <datafield tag="650" ind1=" " ind2="0">
    <subfield code="a">Sales management.</subfield>
    <subfield code="9">57538</subfield>
  </datafield>
  <datafield tag="650" ind1=" " ind2="0">
    <subfield code="a">Sales personnel.</subfield>
    <subfield code="9">97221</subfield>
  </datafield>
  <datafield tag="776" ind1="0" ind2="8">
    <subfield code="i">Print version:</subfield>
    <subfield code="a">Cespedes, Frank V., 1950-</subfield>
    <subfield code="t">Sales management that works</subfield>
    <subfield code="d">Boston, MA : Harvard Business Review Press, [2021]</subfield>
    <subfield code="z">9781633698765</subfield>
    <subfield code="w">(DLC) 2020036313</subfield>
  </datafield>
  <datafield tag="906" ind1=" " ind2=" ">
    <subfield code="a">7</subfield>
    <subfield code="b">cbc</subfield>
    <subfield code="c">orignew</subfield>
    <subfield code="d">1</subfield>
    <subfield code="e">ecip</subfield>
    <subfield code="f">20</subfield>
    <subfield code="g">y-gencatlg</subfield>
  </datafield>
  <datafield tag="942" ind1=" " ind2=" ">
    <subfield code="2">ddc</subfield>
    <subfield code="c">LC</subfield>
  </datafield>
  <datafield tag="999" ind1=" " ind2=" ">
    <subfield code="c">590992</subfield>
    <subfield code="d">590992</subfield>
  </datafield>
  <datafield tag="952" ind1=" " ind2=" ">
    <subfield code="0">0</subfield>
    <subfield code="1">0</subfield>
    <subfield code="2">ddc</subfield>
    <subfield code="4">0</subfield>
    <subfield code="7">0</subfield>
    <subfield code="a">CL</subfield>
    <subfield code="b">CL</subfield>
    <subfield code="c">LC</subfield>
    <subfield code="d">2022-08-15</subfield>
    <subfield code="o">658.81 CES</subfield>
    <subfield code="p">LC-27</subfield>
    <subfield code="r">2022-08-15</subfield>
    <subfield code="w">2022-08-15</subfield>
    <subfield code="y">REF</subfield>
  </datafield>
</record>
